Polnoe sobranie sochineniĭ /

Bibliographic Details
Main Author: Lermontov, Mikhail I︠U︡rʹevich, 1814-1841
Format: Book
Language:Russian
Published: Moskva : Gos. izd-vo khudozh. lit-ry, 1948.

MARC

Tag First Indicator Second Indicator Subfields
LEADER 00000cam a2200000Ii 4500
001 in00001594021
005 20151023050316.0
008 770708s1948 ru a 000 0 rus d
035 |a (OCoLC)ocm03101151 
040 |a RBN  |c RBN  |d OCL  |d TXA  |d UtOrBLW 
049 |a TXAM 
090 |a PG3337  |b .L4 1948 
100 1 |a Lermontov, Mikhail I︠U︡rʹevich,  |d 1814-1841. 
245 1 0 |a Polnoe sobranie sochineniĭ /  |c Mikhail I︠U︡rʹevich Lermontov. 
264 1 |a Moskva :  |b Gos. izd-vo khudozh. lit-ry,  |c 1948. 
300 |a 4 volumes :  |b illustrations ;  |c 20 cm. 
336 |a text  |b txt  |2 rdacontent 
337 |a unmediated  |b n  |2 rdamedia 
338 |a volume  |b nc  |2 rdacarrier 
500 |a Each volume has also special title page. 
505 0 |a t. 1. Stikhotvorenii︠a︡.--t. 2. Poety i povesti v stikhakh.--t. 3. Dramy.--t. 4. Proza i pisʹma. 
536 |a Donated through the generosity of Professor Frank Friedeberg Seeley August 2000. 
994 |a E0  |b TXA 
948 |a cataloged  |b h  |c 2001/3/27  |d c  |e spoltoratski  |f 1:11:07 pm 
999 |a MARS 
999 f f |s 78d58edb-3df6-31bf-b970-fbbaa72d1795  |i 97afe1c2-0dd9-37f3-8156-02d55d2bb588  |t 0 
952 f f |p ric  |a Texas A&M University  |b Rellis Campus  |c Joint Library Facility  |s JLF  |d Remote Storage  |t 0  |e PG3337 .L4 1948  |h Library of Congress classification  |i unmediated -- volume  |k t.1  |m A14827424989 
952 f f |p ric  |a Texas A&M University  |b Rellis Campus  |c Joint Library Facility  |s JLF  |d Remote Storage  |t 0  |e PG3337 .L4 1948  |h Library of Congress classification  |i unmediated -- volume  |k t.2  |m A14827424947 
952 f f |p ric  |a Texas A&M University  |b Rellis Campus  |c Joint Library Facility  |s JLF  |d Remote Storage  |t 0  |e PG3337 .L4 1948  |h Library of Congress classification  |i unmediated -- volume  |k t.4  |m A14827424866 
952 f f |p ric  |a Texas A&M University  |b Rellis Campus  |c Joint Library Facility  |s JLF  |d Remote Storage  |t 0  |e PG3337 .L4 1948  |h Library of Congress classification  |i unmediated -- volume  |k t.3  |m A14827424905 
998 f f |a PG3337 .L4 1948  |s t.1-t.4  |t 0  |l Remote Storage